000 00313nam a2200109Ia 4500
008 220214s9999 xx 000 0 und d
100 _aWong C N
245 0 _aPreliminary assessment of rubberwood (Hevea brasiliensis) for plywood manufacture
260 _bMalaysian Forester
_c1979
300 _a30-37
942 _cRE
999 _c45957
_d45957